| 000 | 01129nam0a22002531 4500 | ||
|---|---|---|---|
| 001 | rc\2785989 | ||
| 005 | 20260407082445.0 | ||
| 035 | _a(NLR Aleph) 006912182 | ||
| 090 |
_a7358858 _c7358858 |
||
| 100 | _a20110915d1935 |||y0rusy50 ca | ||
| 101 | 0 | _arus | |
| 102 | _aRU | ||
| 105 | _ac z ||||| | ||
| 200 | 1 |
_aЛеди Макбет Мценского уезда _eОпера в 8 карт. _e[Статья композитора и либретто] _fМузыка Дм. Шостаковича _gЛибретто по Н. Лескову, А. Прейса и Дм. Шостаковича |
|
| 210 |
_a[Москва] _cГос. академич. большой театр СССР _d1935 _gТип. ВКИЖ |
||
| 215 |
_aОбл., 41, [2] с., [4] отд. л. программы _cпортр. _d14х10 см. |
||
| 300 | _aОбл.: А. А. Суворов | ||
| 702 | 1 |
_aШостакович _bД.Д. _gДмитрий Дмитриевич _4230 |
|
| 710 | 0 | 2 |
_aБольшой театр СССР _3RU\NLR\AUTH\888351 _9289118 |
| 801 | 0 |
_aRU _bNLR _gpsbo |
|
| 801 | 1 |
_aRU _bELAR _2rusmarc |
|
| 852 |
_aNLR _j35-8/1689 |
||
| 942 | _cBOOK | ||
| 980 | _aNB | ||